000 00663nam a22001937a 4500
003 OSt
005 20220914180554.0
008 220914b |||||||| |||| 00| 0 eng d
040 _cBiblioteca Lado V
082 _a779.949.9
_bC386f
100 _aCazali, Rossina
_eCuradora
245 _aFotografĂ­a Actual en Guatemala/
260 _aGuatemala
_bColoquia Centro de Arte Comtemporaneo
_c1998
300 _a55p.
_c14x21.5cm
650 _2Tesauro de Arte & Arquitectura
_aFOTOGRAFIA
650 _2Tesauro de Arte & Arquitectura
_aGUATEMALA
650 _2Tesauro de Arte & Arquitectura
_aARTE MODERNO
942 _2ddc
_c1
_h779.949.9
_iC386f
_n0
999 _c2010
_d2010